| 000 | 00447cam a2200181 4500 | ||
|---|---|---|---|
| 001 | D4823 | ||
| 008 | 090401t1977 xxu||||| |||| 00| 0 eng d | ||
| 035 | _a(Sirsi) u20665 | ||
| 041 | _aeng | ||
| 050 | _a630 | ||
| 110 | _aMinistry of Agriculture Fisheries and Food | ||
| 245 | 4 | _aThe changing structure of agriculture, 1968-1975 | |
| 260 |
_aLondon _bHMSO _c1977 |
||
| 300 | _a78p. 25cm | ||
| 350 | _a1.5 | ||
| 942 | _n0 | ||
| 948 | _c04/03/1997 | ||
| 999 |
_c87855 _d87855 |
||